[Event "Hamburg Harburg - ch Gr. D 6th"]
[Site "Hamburg"]
[Date "2008.07.20"]
[Round "5"]
[White "Rudolph, Jens Erik"]
[Black "Bulygin, Anton"]
[Result "1-0"]
[WhiteElo "1956"]
[BlackElo "1986"]
[PlyCount "55"]
[EventDate "2008.07.20"]
[EventType "tourn"]
[EventRounds "5"]
[EventCountry "GER"]
[SourceDate "2008.01.01"]

1. d4 Nf6 2. Nc3 d5 3. Bg5 Bf5 4. f3 c6 5. Bxf6 exf6 6. e4 dxe4 7. fxe4 Bg6 8.
Qd3 Bb4 9. O-O-O O-O 10. h4 Qa5 11. Nge2 Bh5 12. g4 Bxg4 13. Rg1 f5 14. Qg3 g6
15. Rd3 Bxe2 16. Bxe2 Bxc3 17. Rxc3 fxe4 18. h5 b5 19. hxg6 fxg6 20. Qd6 Kg7
21. Qe5+ Rf6 22. Qe7+ Rf7 23. Qxe4 a6 24. Rh3 Kf8 25. Qe6 Raa7 26. Qc8+ Kg7 27.
Rxh7+ Kxh7 28. Rh1+ 1-0

[Event "Hamburg Harburg - ch Gr. E 6th"]
[Site "Hamburg"]
[Date "2008.07.18"]
[Round "1"]
[White "Herrmann, Sebastian"]
[Black "Lehmkuhl, Stefan"]
[Result "1-0"]
[WhiteElo "1810"]
[BlackElo "1978"]
[PlyCount "105"]
[EventDate "2008.07.20"]
[EventType "tourn"]
[EventRounds "5"]
[EventCountry "GER"]
[SourceDate "2008.01.01"]

1. e4 g6 2. d4 Bg7 3. Nc3 d6 4. Be3 Nc6 5. Qd2 e5 6. dxe5 Nxe5 7. O-O-O Nf6 8.
f4 Nc6 9. h3 Qe7 10. Nd5 Qd7 11. Bd3 Nxd5 12. exd5 Ne7 13. Be2 Qa4 14. Kb1 Nf5
15. Bf2 Bh6 16. g4 Ne7 17. Qc3 O-O 18. f5 gxf5 19. Rd4 Qd7 20. gxf5 Nxf5 21.
Rg4+ Bg7 22. Bd3 f6 23. Ne2 Qe7 24. Rhg1 Rf7 25. Nf4 Qe5 26. Nh5 Qxc3 27. bxc3
Kf8 28. Bxf5 Bxf5 29. Rxg7 Bg6 30. Rxf7+ Kxf7 31. Nf4 Bf5 32. Re1 a6 33. Kc1
Rg8 34. Kd2 Rg5 35. Bh4 Rg8 36. Nh5 Rg2+ 37. Re2 Bxh3 38. Rxg2 Bxg2 39. Nxf6 h6
40. Ke3 c6 41. c4 Bf1 42. dxc6 bxc6 43. Kd4 Ke6 44. c5 d5 45. Nh5 Bc4 46. a3
Kf5 47. Be7 Kg4 48. Nf6+ Kf5 49. Ne8 h5 50. Nd6+ Ke6 51. Nxc4 Kxe7 52. Ne5 h4
53. Ng6+ 1-0

[Event "Hamburg Harburg - ch Gr. E 6th"]
[Site "Hamburg"]
[Date "2008.07.18"]
[Round "1"]
[White "Schroeder, Kai Uwe"]
[Black "Klausch, Uwe"]
[Result "1/2-1/2"]
[WhiteElo "1836"]
[BlackElo "1714"]
[PlyCount "44"]
[EventDate "2008.07.20"]
[EventType "tourn"]
[EventRounds "5"]
[EventCountry "GER"]
[SourceDate "2008.01.01"]

1. e4 e5 2. Nf3 Nc6 3. Bb5 a6 4. Bxc6 dxc6 5. Nc3 f6 6. d4 exd4 7. Qxd4 Qxd4 8.
Nxd4 Bd7 9. Be3 O-O-O 10. O-O-O Ne7 11. f3 Ng6 12. h4 Ne5 13. Nb3 Nc4 14. Bc5
Nd6 15. Rhe1 Re8 16. Bf2 Kb8 17. Nc5 Bc8 18. Nb1 Rg8 19. Nd2 Ka8 20. Nf1 Kb8
21. Ne3 Ka8 22. Nb3 Kb8 1/2-1/2

[Event "Hamburg Harburg - ch Gr. E 6th"]
[Site "Hamburg"]
[Date "2008.07.18"]
[Round "1"]
[White "Willner, Thomas"]
[Black "Schwarzkopf, Joerg"]
[Result "1-0"]
[WhiteElo "1794"]
[BlackElo "1617"]
[PlyCount "123"]
[EventDate "2008.07.20"]
[EventType "tourn"]
[EventRounds "5"]
[EventCountry "GER"]
[SourceDate "2008.01.01"]

1. e4 Nf6 2. Nc3 d5 3. exd5 Nxd5 4. Bc4 Nb6 5. Bb3 Nc6 6. Qf3 e6 7. Nge2 Na5 8.
Ne4 Nxb3 9. Qxb3 Be7 10. Qg3 O-O 11. h4 f5 12. Ng5 Qd6 13. d4 Qxg3 14. Nxg3 Bf6
15. Ne2 e5 16. dxe5 Bxe5 17. O-O f4 18. Re1 h6 19. Nf3 Bd6 20. Ned4 Bd7 21. Bd2
Nc4 22. Bc3 Rae8 23. b3 Na3 24. Bb2 Nb5 25. Ne2 Bc5 26. a4 Nd6 27. Be5 Ne4 28.
Bd4 Bg4 29. Bxc5 Nxc5 30. Nfd4 Bxe2 31. Rxe2 Rxe2 32. Nxe2 f3 33. Nd4 fxg2 34.
Kxg2 Rd8 35. Nf3 Re8 36. Re1 Rxe1 37. Nxe1 Kf7 38. f3 Kf6 39. Kf2 Ke5 40. Ke3
b6 41. Ng2 Ne6 42. b4 Nd4 43. c3 Nf5+ 44. Kd3 c6 45. c4 c5 46. f4+ Ke6 47. bxc5
bxc5 48. Ke2 Nd4+ 49. Kf2 Kf5 50. Kg3 Ke4 51. Kg4 Kd3 52. Kh5 Kxc4 53. Kg6 Kd3
54. Kxg7 Nf5+ 55. Kf6 Ke4 56. Ne1 c4 57. h5 Kxf4 58. Kg6 a5 59. Nc2 c3 60. Na3
Kg4 61. Nc2 Kf4 62. Na3 {ZÜ} 1-0

[Event "Hamburg Harburg - ch Gr. E 6th"]
[Site "Hamburg"]
[Date "2008.07.19"]
[Round "2"]
[White "Lehmkuhl, Stefan"]
[Black "Schwarzkopf, Joerg"]
[Result "0-1"]
[WhiteElo "1978"]
[BlackElo "1617"]
[PlyCount "68"]
[EventDate "2008.07.20"]
[EventType "tourn"]
[EventRounds "5"]
[EventCountry "GER"]
[SourceDate "2008.01.01"]

1. d4 Nf6 2. Bg5 c5 3. Bxf6 gxf6 4. c3 Qb6 5. Qd2 f5 6. e3 Bg7 7. Bd3 d5 8. Nh3
O-O 9. Nf4 Qd6 10. Qc2 e6 11. Nd2 c4 12. Be2 Nd7 13. g4 fxg4 14. Bxg4 Nf6 15.
Bf3 e5 16. dxe5 Qxe5 17. O-O-O Bf5 18. Qa4 b5 19. Qxb5 Rab8 20. Qa5 Nd7 21.
Qxd5 Rxb2 22. Qxe5 Rc2+ 23. Kb1 Bxe5 24. e4 Rxc3 25. exf5 Rb8+ 26. Nb3 Rxf3 27.
Rxd7 Bxf4 28. Rg1+ Kf8 29. f6 Be5 30. Rg7 Rxf6 31. Rxh7 Rxf2 32. Rxa7 cxb3 33.
axb3 Rxb3+ 34. Kc1 Bf4+ 0-1

[Event "Hamburg Harburg - ch Gr. E 6th"]
[Site "Hamburg"]
[Date "2008.07.19"]
[Round "2"]
[White "Klausch, Uwe"]
[Black "Willner, Thomas"]
[Result "0-1"]
[WhiteElo "1714"]
[BlackElo "1794"]
[PlyCount "80"]
[EventDate "2008.07.20"]
[EventType "tourn"]
[EventRounds "5"]
[EventCountry "GER"]
[SourceDate "2008.01.01"]

1. e4 e5 2. Nf3 Nc6 3. Bc4 Nf6 4. d3 Bc5 5. c3 Bb6 6. Bb3 h6 7. O-O d6 8. Nbd2
Be6 9. Bc2 Qd7 10. Qe2 O-O 11. h3 a6 12. Nh2 Nh7 13. Ng4 f5 14. exf5 Bxf5 15.
Ne4 Kh8 16. Ng3 Bg6 17. Bd2 Nf6 18. Rae1 Rae8 19. Nxf6 Rxf6 20. Ne4 Rff8 21.
Be3 Bxe3 22. Qxe3 Ne7 23. Bb3 Bf7 24. Nf6 gxf6 25. Qxh6+ Kg8 26. Re3 Bxb3 27.
Rg3+ Kf7 28. Rg7+ Ke6 29. Qh5 Bxa2 30. f4 Qb5 31. fxe5 dxe5 32. Qg4+ Kd6 33.
Qe4 Bd5 34. Qh4 Kd7 35. c4 Qb6+ 36. d4 Qxd4+ 37. Qxd4 exd4 38. cxd5 Kd6 39. Rd1
Kxd5 40. g4 c5 0-1

[Event "Hamburg Harburg - ch Gr. E 6th"]
[Site "Hamburg"]
[Date "2008.07.19"]
[Round "2"]
[White "Herrmann, Sebastian"]
[Black "Schroeder, Kai Uwe"]
[Result "1/2-1/2"]
[WhiteElo "1810"]
[BlackElo "1836"]
[PlyCount "126"]
[EventDate "2008.07.20"]
[EventType "tourn"]
[EventRounds "5"]
[EventCountry "GER"]
[SourceDate "2008.01.01"]

1. e4 e6 2. d3 d5 3. Nd2 Nf6 4. Ngf3 c5 5. g3 Nc6 6. Bg2 Be7 7. O-O O-O 8. Re1
Qc7 9. e5 Nd7 10. Qe2 a5 11. Nf1 b6 12. Bf4 Ba6 13. c3 Rfe8 14. Rad1 Nf8 15. g4
Rac8 16. Bg3 Qd8 17. h4 Ng6 18. g5 Bf8 19. h5 Nge7 20. Nh4 Nf5 21. Nxf5 exf5
22. f4 Rc7 23. Bf3 Bc8 24. Qg2 Be6 25. a3 Ne7 26. Bf2 Qb8 27. Rd2 Rec8 28. Bh4
Nc6 29. Bxd5 Ne7 30. Bf3 Rd7 31. Ne3 Rcd8 32. Qe2 g6 33. h6 Nd5 34. Nxd5 Bxd5
35. Bxd5 Rxd5 36. e6 Re8 37. Qf3 Qd6 38. exf7+ Kxf7 39. Rxe8 Kxe8 40. Qe3+ Kd7
41. Bf2 Qe7 42. c4 Qxe3 43. Bxe3 Rd6 44. a4 Re6 45. Kf2 Kc6 46. Rd1 Bd6 47. Re1
Be7 48. Bd2 Rxe1 49. Bxe1 Bd6 50. Ke3 Be7 51. Bc3 Bd6 52. b3 Be7 53. Be1 Bd6
54. Bf2 Be7 55. Kd2 Bf8 56. Be3 Be7 57. d4 cxd4 58. Bxd4 Ba3 59. Kd3 Bb4 60.
Bg7 Bc5 61. Bc3 Bf2 62. Bd4 Be1 63. Be3 Bb4 1/2-1/2

[Event "Hamburg Harburg - ch Gr. E 6th"]
[Site "Hamburg"]
[Date "2008.07.19"]
[Round "3"]
[White "Schroeder, Kai Uwe"]
[Black "Lehmkuhl, Stefan"]
[Result "1/2-1/2"]
[WhiteElo "1836"]
[BlackElo "1978"]
[PlyCount "112"]
[EventDate "2008.07.20"]
[EventType "tourn"]
[EventRounds "5"]
[EventCountry "GER"]
[SourceDate "2008.01.01"]

1. e4 g6 2. d4 Bg7 3. Nf3 d6 4. Nc3 Nc6 5. Be3 e5 6. dxe5 Nxe5 7. Nxe5 Bxe5 8.
Bd4 Qf6 9. Nd5 Qd8 10. Bxe5 dxe5 11. Qf3 c6 12. Nc3 Be6 13. Bd3 Qf6 14. Qxf6
Nxf6 15. f3 O-O-O 16. O-O-O Kc7 17. Be2 Rxd1+ 18. Rxd1 Nd7 19. g3 Re8 20. a3
Nb6 21. b3 Nc8 22. Na4 b6 23. Nb2 Nd6 24. Na4 Re7 25. Nc3 Rd7 26. Kb2 f5 27.
Bd3 Nf7 28. h4 Nd6 29. Kc1 Rf7 30. Rf1 Rf8 31. Kd2 fxe4 32. fxe4 Rxf1 33. Bxf1
Ne8 34. Be2 Nf6 35. Ke3 Kd6 36. Bd1 Bh3 37. Be2 a5 38. Nd1 Bg4 39. Bxg4 Nxg4+
40. Kf3 Nf6 41. Nc3 Nh5 42. Ne2 Ng7 43. Ke3 Ne6 44. Kd3 Kc5 45. c3 b5 46. b4+
Kb6 47. c4 axb4 48. axb4 c5 49. Kc3 Nd4 50. Nc1 cxb4+ 51. Kxb4 Nc6+ 52. Kc3 b4+
53. Kb3 Ka5 54. Nd3 h5 55. Kb2 Ka4 56. Nc5+ Ka5 1/2-1/2

[Event "Hamburg Harburg - ch Gr. E 6th"]
[Site "Hamburg"]
[Date "2008.07.19"]
[Round "3"]
[White "Willner, Thomas"]
[Black "Herrmann, Sebastian"]
[Result "1/2-1/2"]
[WhiteElo "1794"]
[BlackElo "1810"]
[PlyCount "49"]
[EventDate "2008.07.20"]
[EventType "tourn"]
[EventRounds "5"]
[EventCountry "GER"]
[SourceDate "2008.01.01"]

1. e4 e5 2. Bc4 Nc6 3. Nc3 Nf6 4. d3 Bb4 5. Bd2 d6 6. a3 Ba5 7. b4 Bb6 8. Na4
O-O 9. Nxb6 axb6 10. Ne2 d5 11. exd5 Nxd5 12. O-O Be6 13. Bc1 Ncxb4 14. Bb2 Nc6
15. Ng3 Nf4 16. Bxe6 Nxe6 17. Re1 Ra5 18. Nf5 Qg5 19. Ne3 Nf4 20. g3 Re8 21. h4
Qg6 22. Kh2 Nh5 23. Qe2 Nd4 24. Qd1 Nc6 25. Qe2 1/2-1/2

[Event "Hamburg Harburg - ch Gr. E 6th"]
[Site "Hamburg"]
[Date "2008.07.19"]
[Round "3"]
[White "Schwarzkopf, Joerg"]
[Black "Klausch, Uwe"]
[Result "1/2-1/2"]
[WhiteElo "1617"]
[BlackElo "1714"]
[PlyCount "95"]
[EventDate "2008.07.20"]
[EventType "tourn"]
[EventRounds "5"]
[EventCountry "GER"]
[SourceDate "2008.01.01"]

1. e4 e5 2. f4 d5 3. exd5 e4 4. d3 Nf6 5. dxe4 Nxe4 6. Nf3 Bc5 7. Qe2 Qe7 8.
Nc3 Bf5 9. Be3 Nxc3 10. Bxc5 Qxe2+ 11. Bxe2 Nxd5 12. O-O-O Nxf4 13. Rhe1 Be6
14. g3 Nxe2+ 15. Rxe2 Nd7 16. Bd4 O-O 17. h4 Rfe8 18. Rf2 Bg4 19. Rdf1 c5 20.
Bc3 Bxf3 21. Rxf3 f6 22. g4 Re7 23. g5 fxg5 24. hxg5 Rf8 25. Kd2 Ref7 26. Ke2
Rxf3 27. Rxf3 Rxf3 28. Kxf3 Kf7 29. Ke4 h6 30. gxh6 gxh6 31. Bd2 h5 32. Bg5 Ke6
33. c4 a6 34. Bh4 Nf6+ 35. Kf4 Ne8 36. b3 Nd6 37. Bf2 b6 38. Bg1 Kd7 39. Kg5
Kc6 40. Kxh5 b5 41. cxb5+ axb5 42. Kg4 b4 43. Kf3 Nb5 44. Ke3 Nc3 45. Kd3 Nxa2
46. Kc4 Nc1 47. Bxc5 Nxb3 48. Bxb4 1/2-1/2

[Event "Hamburg Harburg - ch Gr. E 6th"]
[Site "Hamburg"]
[Date "2008.07.20"]
[Round "4"]
[White "Lehmkuhl, Stefan"]
[Black "Klausch, Uwe"]
[Result "1-0"]
[WhiteElo "1978"]
[BlackElo "1714"]
[PlyCount "125"]
[EventDate "2008.07.20"]
[EventType "tourn"]
[EventRounds "5"]
[EventCountry "GER"]
[SourceDate "2008.01.01"]

1. g3 Nf6 2. Bg2 g6 3. d3 Bg7 4. e4 d6 5. Nc3 e5 6. f4 Nc6 7. Nce2 O-O 8. Nf3
Rb8 9. O-O b5 10. Qe1 a5 11. Bd2 b4 12. Nh4 Bg4 13. f5 Bxe2 14. Qxe2 Nd4 15.
Qd1 c5 16. Rc1 Nh5 17. Bh3 Rb7 18. Qe1 Bf6 19. Nf3 Nxf3+ 20. Rxf3 Bg5 21. Rd1
Bxd2 22. Rxd2 g5 23. f6 Nxf6 24. Rdf2 Nh5 25. Qd2 h6 26. Bg4 Ng7 27. Rf6 Kh7
28. h4 Ne8 29. hxg5 Nxf6 30. gxf6 Rh8 31. Qe2 Kg8 32. Bh3 Kf8 33. Qh5 a4 34.
Kh2 b3 35. cxb3 axb3 36. a3 Rc7 37. Qd1 Qb8 38. Bf5 c4 39. Qg4 Rg8 40. Qh4 Rh8
41. Qg4 Ke8 42. Qg7 Rf8 43. dxc4 Rxc4 44. Be6 Rc2 45. Bxf7+ Rxf7 46. Qg8+ Rf8
47. Qe6+ Kd8 48. Qe7+ Kc8 49. Qxf8+ Kb7 50. Qxb8+ Kxb8 51. Kg2 Rc8 52. f7 Rf8
53. Kf1 Kc7 54. Ke2 d5 55. exd5 Kd6 56. Ke3 Kxd5 57. Rf6 h5 58. Rf5 Ke6 59. Ke4
Kd6 60. Rf6+ Ke7 61. Kxe5 Kd7 62. Kf5 Ke7 63. Kg6 1-0

[Event "Hamburg Harburg - ch Gr. E 6th"]
[Site "Hamburg"]
[Date "2008.07.20"]
[Round "4"]
[White "Herrmann, Sebastian"]
[Black "Schwarzkopf, Joerg"]
[Result "1-0"]
[WhiteElo "1810"]
[BlackElo "1617"]
[PlyCount "105"]
[EventDate "2008.07.20"]
[EventType "tourn"]
[EventRounds "5"]
[EventCountry "GER"]
[SourceDate "2008.01.01"]

1. e4 Nf6 2. e5 Nd5 3. c4 Nb6 4. d4 d6 5. exd6 cxd6 6. Nc3 g6 7. Bd3 Bg7 8. Be3
O-O 9. Nge2 Nc6 10. b3 e5 11. dxe5 dxe5 12. O-O f5 13. c5 Nd7 14. f3 b6 15. Bb5
Bb7 16. Qd5+ Kh8 17. Bxc6 Bxc6 18. Qxc6 Rc8 19. Qd5 Nxc5 20. Qxd8 Rfxd8 21.
Bxc5 Rxc5 22. Rfd1 Rdc8 23. Na4 Rc2 24. Rac1 Bh6 25. Rxc2 Be3+ 26. Kf1 Rxc2 27.
Nac3 a6 28. Ke1 b5 29. g3 b4 30. Nd5 Bc5 31. Rc1 Rxc1+ 32. Nxc1 a5 33. Nd3 Bd4
34. Ne7 e4 35. fxe4 fxe4 36. Nf2 e3 37. Nd1 Kg7 38. Ke2 Kf7 39. Nc6 Bb6 40.
Nxe3 Ke6 41. Nc4 Kd5 42. Nxb6+ Kxc6 43. Nc4 Kb5 44. Kd3 a4 45. Kd4 axb3 46.
axb3 Kc6 47. Ke5 Kc5 48. g4 h5 49. gxh5 gxh5 50. h4 Kc6 51. Ne3 Kc5 52. Nf5 Kc6
53. Ng7 1-0

[Event "Hamburg Harburg - ch Gr. E 6th"]
[Site "Hamburg"]
[Date "2008.07.20"]
[Round "4"]
[White "Schroeder, Kai Uwe"]
[Black "Willner, Thomas"]
[Result "1/2-1/2"]
[WhiteElo "1836"]
[BlackElo "1794"]
[PlyCount "71"]
[EventDate "2008.07.20"]
[EventType "tourn"]
[EventRounds "5"]
[EventCountry "GER"]
[SourceDate "2008.01.01"]

1. e4 e5 2. Nf3 Nc6 3. Bb5 a6 4. Bxc6 dxc6 5. Nc3 f6 6. d4 exd4 7. Qxd4 Qxd4 8.
Nxd4 Bd7 9. Be3 O-O-O 10. O-O-O Bd6 11. f3 Ne7 12. h4 g6 13. Nde2 h6 14. Na4
Be6 15. Bf4 b5 16. Bxd6 cxd6 17. Nac3 Kc7 18. Nf4 Bf7 19. g4 g5 20. Ng2 Ng6 21.
Rdf1 Ne5 22. Ne3 Be6 23. b3 a5 24. Ne2 c5 25. Nc3 Kc6 26. Ncd5 Bxd5 27. Nxd5
Rdf8 28. Kd2 Rf7 29. Ke2 Rhh7 30. Ne3 Ng6 31. Nf5 Nf4+ 32. Kf2 d5 33. exd5+
Nxd5 34. a3 Rd7 35. Rd1 Nf4 36. Rhe1 1/2-1/2

[Event "Hamburg Harburg - ch Gr. E 6th"]
[Site "Hamburg"]
[Date "2008.07.20"]
[Round "5"]
[White "Willner, Thomas"]
[Black "Lehmkuhl, Stefan"]
[Result "1-0"]
[WhiteElo "1794"]
[BlackElo "1978"]
[PlyCount "128"]
[EventDate "2008.07.20"]
[EventType "tourn"]
[EventRounds "5"]
[EventCountry "GER"]
[SourceDate "2008.01.01"]

1. e4 c6 2. Nc3 d5 3. Nf3 Bg4 4. h3 Bxf3 5. Qxf3 e6 6. d4 dxe4 7. Nxe4 Be7 8.
Bf4 Nf6 9. c3 Nxe4 10. Qxe4 Nd7 11. Bc4 Nf6 12. Qd3 O-O 13. O-O Qb6 14. b4 Rad8
15. Qc2 Rd7 16. Rfe1 h6 17. Re2 Bd6 18. Be5 Bxe5 19. Rxe5 Rfd8 20. a4 Qc7 21.
Rc1 a6 22. Ba2 b5 23. a5 Nd5 24. Bb1 g6 25. Qd2 Kg7 26. g4 Rh8 27. h4 Qd8 28.
g5 hxg5 29. hxg5 Rh4 30. Be4 Rg4+ 31. Kf1 Qh8 32. Bxd5 cxd5 33. Rce1 Qh1+ 34.
Ke2 Rg1 35. Rxg1 Qxg1 36. Qf4 Qb1 37. Qf6+ Kg8 38. Qf3 Rc7 39. Re3 Qc2+ 40. Kf1
Qf5 41. Qg3 Rc8 42. Rf3 Qb1+ 43. Kg2 Qe4 44. Kh2 Kg7 45. Qh3 Kg8 46. Kg3 Qe1
47. Kh2 Qe4 48. Re3 Qf5 49. Qg3 Kg7 50. Kg2 Rh8 51. Qe5+ Qxe5 52. Rxe5 Rh4 53.
Kg3 Rh1 54. Kf4 Kf8 55. Re3 Ke7 56. Rg3 Rh4+ 57. Kf3 e5 58. Ke3 Ke6 59. Rf3
exd4+ 60. cxd4 Re4+ 61. Kd3 Ke7 62. Rf6 Re6 63. Rf4 f6 64. Rg4 Kf7 {...} 1-0

[Event "Hamburg Harburg - ch Gr. E 6th"]
[Site "Hamburg"]
[Date "2008.07.20"]
[Round "5"]
[White "Schwarzkopf, Joerg"]
[Black "Schroeder, Kai Uwe"]
[Result "1-0"]
[WhiteElo "1617"]
[BlackElo "1836"]
[PlyCount "59"]
[EventDate "2008.07.20"]
[EventType "tourn"]
[EventRounds "5"]
[EventCountry "GER"]
[SourceDate "2008.01.01"]

1. e4 e6 2. d4 d5 3. e5 c5 4. c3 Qb6 5. Nf3 Bd7 6. a3 Bb5 7. b4 cxd4 8. Bxb5+
Qxb5 9. cxd4 Nc6 10. Nc3 Qb6 11. O-O Nge7 12. Na4 Qc7 13. Bb2 b6 14. Rc1 Qd7
15. g4 Rc8 16. Rc3 Nb8 17. Qc2 Rxc3 18. Nxc3 Ng6 19. Nb5 Qc6 20. Rc1 Qxc2 21.
Rxc2 Be7 22. Rc8+ Kd7 23. Rc7+ Kd8 24. Rxa7 Kc8 25. Bc1 Rf8 26. Bg5 f6 27. exf6
Bxf6 28. Bxf6 Rxf6 29. Ng5 Nf8 30. Nd6+ 1-0

[Event "Hamburg Harburg - ch Gr. E 6th"]
[Site "Hamburg"]
[Date "2008.07.20"]
[Round "5"]
[White "Klausch, Uwe"]
[Black "Herrmann, Sebastian"]
[Result "1/2-1/2"]
[WhiteElo "1714"]
[BlackElo "1810"]
[PlyCount "58"]
[EventDate "2008.07.20"]
[EventType "tourn"]
[EventRounds "5"]
[EventCountry "GER"]
[SourceDate "2008.01.01"]

1. e4 e5 2. Nf3 Nc6 3. Bc4 Nf6 4. d3 Bc5 5. c3 a6 6. Bb3 d6 7. O-O Bg4 8. Nbd2
O-O 9. Re1 Kh8 10. Nf1 Ng8 11. Ng3 Qd7 12. Be3 Bxe3 13. fxe3 Nh6 14. Rf1 f5 15.
exf5 Nxf5 16. Nxf5 Rxf5 17. e4 Rf6 18. Qe1 Bxf3 19. Rxf3 Rxf3 20. gxf3 Rf8 21.
Qg3 Rf6 22. Kh1 Rg6 23. Qf2 Qh3 24. Rg1 Rxg1+ 25. Kxg1 Qh6 26. Bd5 Qg5+ 27. Kh1
Qc1+ 28. Kg2 Qg5+ 29. Kh1 Qc1+ 1/2-1/2

[Event "Hamburg Harburg - ch Gr. F 6th"]
[Site "Hamburg"]
[Date "2008.07.18"]
[Round "1"]
[White "Lochmann, Viktor"]
[Black "Schoknecht, Sabine"]
[Result "1-0"]
[WhiteElo "1890"]
[BlackElo "1751"]
[PlyCount "85"]
[EventDate "2008.07.20"]
[EventType "tourn"]
[EventRounds "5"]
[EventCountry "GER"]
[SourceDate "2008.01.01"]

1. e4 c6 2. d4 d5 3. e5 Bf5 4. g4 Bg6 5. h4 h6 6. h5 Bh7 7. Bd3 Bxd3 8. Qxd3
Qd7 9. f3 Na6 10. c3 Nc7 11. g5 hxg5 12. Bxg5 Nh6 13. Bxh6 Rxh6 14. Ne2 Ne6 15.
Qf5 g6 16. Qg4 O-O-O 17. Nd2 Bg7 18. O-O-O Rdh8 19. Ng3 gxh5 20. Rxh5 Kc7 21.
Rdh1 Rg6 22. Qh4 Bh6 23. Ne2 Bxd2+ 24. Kxd2 Rhg8 25. Rh2 Ng5 26. Qf4 Kb6 27.
Rh6 Qe6 28. Rxg6 Qxg6 29. Rh1 Ne6 30. Qe3 Qf5 31. f4 Rg4 32. Rf1 Rg2 33. Qf3
Rg4 34. a4 a5 35. b4 Ka6 36. Ke3 Rh4 37. Rc1 Rh3 38. Ng3 Qg6 39. Qf1+ Ka7 40.
Qxh3 b6 41. bxa5 c5 42. Qh4 Ka6 43. f5 1-0

[Event "Hamburg Harburg - ch Gr. F 6th"]
[Site "Hamburg"]
[Date "2008.07.18"]
[Round "1"]
[White "Student, Martin"]
[Black "Koehnke, Martin"]
[Result "1-0"]
[WhiteElo "1869"]
[BlackElo "1919"]
[PlyCount "87"]
[EventDate "2008.07.20"]
[EventType "tourn"]
[EventRounds "5"]
[EventCountry "GER"]
[SourceDate "2008.01.01"]

1. e4 d5 2. exd5 Qxd5 3. Nc3 Qd6 4. d4 Nf6 5. Nf3 c6 6. Be3 Bf5 7. Bc4 e6 8.
O-O Be7 9. Re1 O-O 10. Qd2 Nd5 11. Nxd5 cxd5 12. Bb3 Nc6 13. c3 Na5 14. Ne5
Nxb3 15. axb3 f6 16. Nd3 Bxd3 17. Qxd3 e5 18. dxe5 fxe5 19. Red1 Rfd8 20. Ra5
d4 21. cxd4 exd4 22. Qc4+ Kh8 23. Rxd4 Qf6 24. g3 Qf3 25. Rad5 Rxd5 26. Qxd5
Qxd5 27. Rxd5 Rd8 28. Rxd8+ Bxd8 29. Bxa7 Bf6 30. Kg2 Bxb2 31. Kf3 Kg8 32. Ke4
Kf7 33. Kd5 Ke7 34. Bd4 Bxd4 35. Kxd4 Kd6 36. f4 g6 37. g4 h6 38. h4 b6 39. b4
Ke6 40. Ke4 Kf6 41. Kd5 h5 42. gxh5 gxh5 43. Ke4 Ke6 44. b5 1-0

[Event "Hamburg Harburg - ch Gr. F 6th"]
[Site "Hamburg"]
[Date "2008.07.18"]
[Round "1"]
[White "Raedisch, Peter"]
[Black "Undritz, Bjoern"]
[Result "0-1"]
[WhiteElo "1804"]
[BlackElo "1743"]
[PlyCount "60"]
[EventDate "2008.07.20"]
[EventType "tourn"]
[EventRounds "5"]
[EventCountry "GER"]
[SourceDate "2008.01.01"]

1. e4 Nf6 2. Nc3 d5 3. e5 Nfd7 4. d4 e6 5. Be3 c5 6. Bb5 Nc6 7. a3 cxd4 8. Bxc6
dxe3 9. Bxd7+ Bxd7 10. f4 Rc8 11. Nf3 Qb6 12. Rb1 Be7 13. Ne2 O-O 14. O-O Bb5
15. Kh1 Rfd8 16. Nfd4 Bxe2 17. Nxe2 d4 18. Qd3 Qc5 19. Rbc1 Qc4 20. Rfd1 Qxd3
21. Rxd3 g5 22. g3 gxf4 23. gxf4 Bc5 24. Rcd1 Bb6 25. c3 dxc3 26. Nxc3 Rxd3 27.
Rxd3 Rxc3 28. Rxc3 e2 29. Rc1 Bf2 30. Kg2 e1=Q 0-1

[Event "Hamburg Harburg - ch Gr. F 6th"]
[Site "Hamburg"]
[Date "2008.07.19"]
[Round "2"]
[White "Schoknecht, Sabine"]
[Black "Undritz, Bjoern"]
[Result "0-1"]
[WhiteElo "1751"]
[BlackElo "1743"]
[PlyCount "70"]
[EventDate "2008.07.20"]
[EventType "tourn"]
[EventRounds "5"]
[EventCountry "GER"]
[SourceDate "2008.01.01"]

1. d4 Nf6 2. g3 d5 3. Bg2 e6 4. c3 c5 5. Nf3 Nc6 6. O-O Be7 7. Re1 O-O 8. Nbd2
cxd4 9. Nxd4 Nxd4 10. cxd4 Qb6 11. Nb3 a5 12. Qc2 Bd7 13. Nc5 Bb5 14. a4 Bc4
15. b3 Bxc5 16. bxc4 Bxd4 17. Rb1 Bxf2+ 18. Kf1 Qa7 19. Rd1 Ng4 20. Bf3 Nxh2+
21. Kg2 Nxf3 22. exf3 Be3 23. Rh1 g6 24. Bb2 Bd4 25. Qd2 Be3 26. Rxh7 f6 27.
Qd3 Kxh7 28. Re1 d4 29. Qe4 e5 30. Rh1+ Kg7 31. Qg4 b6 32. Ba3 Rh8 33. Rb1 Qc7
34. Qe6 Qf7 35. Qxb6 Rab8 0-1

[Event "Hamburg Harburg - ch Gr. F 6th"]
[Site "Hamburg"]
[Date "2008.07.19"]
[Round "2"]
[White "Koehnke, Martin"]
[Black "Raedisch, Peter"]
[Result "1-0"]
[WhiteElo "1919"]
[BlackElo "1804"]
[PlyCount "89"]
[EventDate "2008.07.20"]
[EventType "tourn"]
[EventRounds "5"]
[EventCountry "GER"]
[SourceDate "2008.01.01"]

1. c4 e5 2. Nc3 c6 3. Nf3 Bd6 4. d4 Qe7 5. dxe5 Bxe5 6. Nxe5 Qxe5 7. e3 Nf6 8.
Be2 d5 9. cxd5 Nxd5 10. Nxd5 Qxd5 11. Qxd5 cxd5 12. O-O Be6 13. b3 Nc6 14. Bb2
f6 15. Rac1 O-O 16. Rfd1 Rfd8 17. Rc5 Rac8 18. Rdc1 Ne7 19. Ba3 Rxc5 20. Rxc5
Rc8 21. Rxc8+ Nxc8 22. Bc5 Kf7 23. Kf1 b6 24. Bd4 Ne7 25. Ke1 Bf5 26. Kd2 Ke6
27. Ba6 Kd6 28. Bb2 Nc6 29. Ba3+ Kc7 30. Bf8 g6 31. Kc3 Nb8 32. Be2 Kc6 33. Be7
Nd7 34. a4 Nc5 35. f3 Be6 36. Bxf6 d4+ 37. exd4 Nxb3 38. Bb5+ Kb7 39. Bc4 Bxc4
40. Kxc4 Nd2+ 41. Kd5 Kc7 42. Ke6 Nc4 43. d5 a6 44. d6+ Nxd6 45. Be5 1-0

[Event "Hamburg Harburg - ch Gr. F 6th"]
[Site "Hamburg"]
[Date "2008.07.19"]
[Round "2"]
[White "Lochmann, Viktor"]
[Black "Student, Martin"]
[Result "0-1"]
[WhiteElo "1890"]
[BlackElo "1869"]
[PlyCount "62"]
[EventDate "2008.07.20"]
[EventType "tourn"]
[EventRounds "5"]
[EventCountry "GER"]
[SourceDate "2008.01.01"]

1. e4 Nc6 2. d4 d5 3. e5 f6 4. f4 Bf5 5. c3 e6 6. g4 Be4 7. Nf3 Qd7 8. Bd3
O-O-O 9. Be3 Be7 10. Qd2 Bxd3 11. Qxd3 Nh6 12. h3 Nf7 13. g5 fxg5 14. fxg5 h6
15. g6 Ng5 16. Nbd2 Rdf8 17. Ke2 Nxf3 18. Nxf3 Rf5 19. h4 Rhf8 20. Raf1 h5 21.
Rh3 Qe8 22. Rg1 Bd8 23. Qb5 Rxf3 24. Rxf3 Rxf3 25. Kxf3 Nxd4+ 26. cxd4 Qxb5 27.
Rd1 Qxb2 28. a4 Qc2 29. Rc1 Qxg6 30. Rg1 Qe4+ 31. Ke2 g6 0-1

[Event "Hamburg Harburg - ch Gr. F 6th"]
[Site "Hamburg"]
[Date "2008.07.19"]
[Round "3"]
[White "Student, Martin"]
[Black "Schoknecht, Sabine"]
[Result "1/2-1/2"]
[WhiteElo "1869"]
[BlackElo "1751"]
[PlyCount "85"]
[EventDate "2008.07.20"]
[EventType "tourn"]
[EventRounds "5"]
[EventCountry "GER"]
[SourceDate "2008.01.01"]

1. e4 c6 2. d4 d5 3. exd5 cxd5 4. Bd3 g6 5. c3 Bg7 6. Bf4 Nc6 7. Nd2 Nf6 8.
Ngf3 O-O 9. O-O Nh5 10. Bg3 Nxg3 11. hxg3 Bg4 12. Re1 Qc7 13. Qb3 Rad8 14. Nh2
Bc8 15. g4 e5 16. dxe5 Nxe5 17. Be2 Be6 18. Qa4 Qb6 19. Nb3 Nc4 20. Rab1 Be5
21. Bxc4 Bxh2+ 22. Kxh2 dxc4 23. Nd4 Bd5 24. f3 Qd6+ 25. Kh1 a6 26. Re2 b5 27.
Qc2 Qf6 28. Rbe1 Kg7 29. Kg1 Bc6 30. Qc1 Rd5 31. g5 Qd6 32. Re7 Bd7 33. Qe3 Kg8
34. Re5 Rxe5 35. Qxe5 Qb6 36. Qf4 Qc5 37. Kf2 a5 38. Rh1 Kg7 39. Qh4 Rh8 40.
Qf4 Re8 41. Qh2 Rh8 42. Re1 Qxg5 43. Qe5+ 1/2-1/2